[Event "Wch-U12"]
[Site "Halkidiki GRE"]
[Date "2003.11.02"]
[Round "11.9"]
[White "Noritsyn, Nikolay"]
[Black "Darini, Pouria"]
[Result "0-1"]
[WhiteElo "2141"]
[BlackElo "2020"]
[PlyCount "150"]
[EventDate "2003.10.23"]
[EventType "swiss"]
[EventRounds "11"]
[EventCountry "GRE"]

1. e4 e5 2. Nf3 Nc6 3. Nc3 Nf6 4. Bb5 d6 5. d4 exd4 6. Nxd4 Bd7 7. O-O Be7 8.
Re1 O-O 9. Bg5 a6 10. Nxc6 bxc6 11. Bd3 h6 12. Bh4 Re8 13. Bg3 Bf8 14. h3 c5
15. e5 dxe5 16. Rxe5 Bd6 17. Rxe8+ Bxe8 18. Qf3 Rb8 19. b3 Bb5 20. Rd1 Qe7 21.
Bxd6 cxd6 22. a4 Bxd3 23. Qxd3 Rb6 24. Qf3 Qe5 25. Rd3 Rb4 26. Re3 Qg5 27. Qa8+
Kh7 28. Qxa6 d5 29. Qd3+ g6 30. Ne2 Ne4 31. Rf3 Kg8 32. h4 Qe5 33. Qe3 Kg7 34.
g3 g5 35. hxg5 hxg5 36. Kg2 f5 37. Nc1 d4 38. Qe2 Qd5 39. Kg1 Rb7 40. Nd3 Re7
41. Ne1 Re6 42. Qd3 Nc3 43. Ng2 Re5 44. a5 g4 45. Rf4 Ne2+ 46. Kf1 Nxf4 47.
gxf4 Re6 48. a6 Qf3 49. Qxf3 gxf3 50. Nh4 Rxa6 51. Nxf3 Ra2 52. Ne1 Kf6 53. Ke2
Ke6 54. Kd2 Kd5 55. Nd3 Ra1 56. Ne5 Rh1 57. Nd3 Rh3 58. Ke2 c4 59. bxc4+ Kxc4
60. Kd2 Rxd3+ 61. cxd3+ Kb3 62. Kd1 Kc3 63. Kc1 Kxd3 64. Kd1 Ke4 65. Kd2 Kxf4
66. Kd3 Ke5 67. Kd2 Ke4 68. Ke2 d3+ 69. Kd2 f4 70. Kc3 Kf3 71. Kxd3 Kxf2 72.
Ke4 Kg3 73. Kd3 f3 74. Ke3 f2 75. Ke2 Kg2 0-1

[Event "Guelph Pro-Am int."]
[Site "Guelph CAN"]
[Date "2003.08.07"]
[Round "6"]
[White "Noritsyn, Nikolay"]
[Black "Bolduc, Steve"]
[Result "0-1"]
[WhiteElo "2156"]
[BlackElo "2259"]
[PlyCount "52"]
[EventDate "2003.08.04"]
[EventType "swiss"]
[EventRounds "9"]
[EventCountry "CAN"]

1. e4 c5 2. Nf3 Nc6 3. d4 cxd4 4. Nxd4 g6 5. Nc3 Bg7 6. Be3 Nf6 7. Be2 O-O 8.
O-O d5 9. Nxc6 bxc6 10. e5 Nd7 11. f4 e6 12. Na4 Qa5 13. c4 Nb6 14. Nc5 dxc4
15. Ne4 Ba6 16. Qc1 Rfd8 17. Bc5 Bf8 18. Be3 Nd5 19. Kh1 c3 20. Nxc3 Bxe2 21.
Nxe2 Nxe3 22. Qxe3 Qd2 23. Qf3 Rd3 24. Qxc6 Rad8 25. Ng3 Qxb2 26. Ne4 Qxa1 0-1

[Event "CYCC U12"]
[Site "Kapuskasing CAN"]
[Date "2003.07.07"]
[Round "1"]
[White "Mylvannan, Athavan"]
[Black "Noritsyn, Nikolay"]
[Result "0-1"]
[WhiteElo "1204"]
[BlackElo "2138"]
[PlyCount "48"]
[EventDate "2003.07.07"]
[EventType "swiss"]
[EventRounds "7"]
[EventCountry "CAN"]

1. e4 c5 2. Nf3 Nc6 3. d4 cxd4 4. Nxd4 g6 5. Nc3 Bg7 6. Be3 Nf6 7. f3 O-O 8.
Bc4 Qb6 9. Bb3 Ng4 10. fxg4 Bxd4 11. Na4 Qa5+ 12. Bd2 Qc7 13. c3 Bg7 14. Qe2 d6
15. O-O-O Ne5 16. h3 Rb8 17. c4 b5 18. Nc3 bxc4 19. Bc2 Qb7 20. b3 Be6 21. Nd5
Rfc8 22. Kb1 cxb3 23. Bxb3 Nc4 24. Rc1 Na3# 0-1

[Event "CYCC U12"]
[Site "Kapuskasing CAN"]
[Date "2003.07.07"]
[Round "2"]
[White "Noritsyn, Nikolay"]
[Black "Rozybakiyev, Rasul"]
[Result "1-0"]
[WhiteElo "2138"]
[BlackElo "1363"]
[PlyCount "93"]
[EventDate "2003.07.07"]
[EventType "swiss"]
[EventRounds "7"]
[EventCountry "CAN"]

1. e4 c5 2. Nf3 Nc6 3. d4 cxd4 4. Nxd4 e5 5. Nb5 d6 6. N1c3 a6 7. Na3 b5 8. Nd5
Nce7 9. c4 Nxd5 10. cxd5 Nf6 11. Bd3 Be7 12. O-O O-O 13. Nc2 Ne8 14. Bd2 Bd7
15. Qe2 Bg5 16. Bc3 Rc8 17. a4 Nc7 18. Bb4 Be7 19. axb5 Bxb5 20. Bxb5 axb5 21.
Ba5 Qd7 22. Nb4 Rb8 23. Bxc7 Qxc7 24. Na6 Qb6 25. Nxb8 Rxb8 26. Rfc1 h6 27. Qd3
Bh4 28. g3 Be7 29. Rc6 Qb7 30. Qc2 Bf8 31. Rc7 Qb6 32. Raa7 f6 33. Qe2 Rc8 34.
Rxc8 Qxa7 35. Qxb5 Qa1+ 36. Kg2 Qe1 37. Qc4 Qd1 38. b4 Qg4 39. b5 f5 40. exf5
Qxf5 41. b6 e4 42. b7 Qf3+ 43. Kg1 e3 44. Rxf8+ Qxf8 45. Qc8 e2 46. Qxf8+ Kxf8
47. b8=Q+ 1-0

[Event "CYCC U12"]
[Site "Kapuskasing CAN"]
[Date "2003.07.08"]
[Round "3"]
[White "Raymer, Evan"]
[Black "Noritsyn, Nikolay"]
[Result "0-1"]
[WhiteElo "1383"]
[BlackElo "2138"]
[PlyCount "58"]
[EventDate "2003.07.07"]
[EventType "swiss"]
[EventRounds "7"]
[EventCountry "CAN"]

1. e4 c5 2. Nc3 Nc6 3. g3 g6 4. Bg2 Bg7 5. d3 Nf6 6. f4 d6 7. Nge2 O-O 8. O-O
Bd7 9. h3 Rb8 10. Be3 b5 11. g4 b4 12. Nd5 Ne8 13. Rb1 e6 14. f5 exd5 15. exd5
Nd4 16. Nxd4 cxd4 17. Bf4 g5 18. Bd2 Be5 19. Qc1 f6 20. Qe1 Qb6 21. h4 h6 22.
hxg5 hxg5 23. Rf3 Nc7 24. Kf2 Nxd5 25. Qh1 Ne3 26. Qh5 Be8 27. Qh6 Nxg4+ 28.
Ke2 Nxh6 29. Rh1 Kg7 0-1

[Event "CYCC U12"]
[Site "Kapuskasing CAN"]
[Date "2003.??.??"]
[Round "5"]
[White "Brown, Gabriel"]
[Black "Noritsyn, Nikolay"]
[Result "0-1"]
[WhiteElo "1412"]
[BlackElo "2138"]
[PlyCount "58"]
[EventDate "2003.07.07"]
[EventType "swiss"]
[EventRounds "7"]
[EventCountry "CAN"]
[Source "CFC"]
[SourceDate "2003.08.??"]

1. c4 e6 2. Nc3 d5 3. cxd5 exd5 4. d4 Nf6 5. g3 Bb4 6. Bg2 O-O 7. Bg5 h6 8.
Bxf6 Qxf6 9. e3 c6 10. Nge2 Nd7 11. a3 Bd6 12. O-O Re8 13. b4 a6 14. Rc1 Nb6
15. Na4 Nc4 16. Rc3 Bf5 17. Nc5 b6 18. Na4 Bc7 19. Nf4 Bxf4 20. exf4 a5 21. b5
Be4 22. bxc6 Bxg2 23. Kxg2 Re4 24. Rd3 b5 25. Nc5 Nb2 26. Nxe4 dxe4 27. Qb3
Nxd3 28. Qxb5 Qxd4 29. c7 Rc8 0-1

[Event "Toronto Closed"]
[Site "Toronto CAN"]
[Date "2003.02.18"]
[Round "1"]
[White "Henry, Liam"]
[Black "Noritsyn, Nikolay"]
[Result "0-1"]
[WhiteElo "1964"]
[BlackElo "2146"]
[PlyCount "66"]
[EventDate "2003.02.18"]
[EventType "tourn"]
[EventRounds "11"]
[EventCountry "CAN"]

1. e4 c5 2. Nf3 Nc6 3. d4 cxd4 4. Nxd4 g6 5. Nc3 Bg7 6. Be3 Nf6 7. f3 d6 8. Qd2
O-O 9. Bc4 Bd7 10. O-O-O Rc8 11. Bb3 Ne5 12. h4 Nc4 13. Bxc4 Rxc4 14. h5 Qa5
15. hxg6 fxg6 16. Nb3 Qc7 17. Bh6 Be6 18. Bxg7 Kxg7 19. Qh6+ Kg8 20. Nd4 Bf7
21. Nd5 Bxd5 22. exd5 Qa5 23. Ne6 Rf7 24. Rh3 Qxa2 25. Rdh1 Qa1+ 26. Kd2 Qa5+
27. Kc1 Qa1+ 28. Kd2 Ne4+ 29. fxe4 Qxb2 30. Rc1 Rxe4 31. Rf3 Qb4+ 32. c3 Qb2+
33. Kd3 Qe2# 0-1

[Event "Toronto Closed"]
[Site "Toronto CAN"]
[Date "2003.02.21"]
[Round "2"]
[White "Noritsyn, Nikolay"]
[Black "Prpic, Goran"]
[Result "0-1"]
[WhiteElo "2146"]
[BlackElo "2140"]
[PlyCount "64"]
[EventDate "2003.02.18"]
[EventType "tourn"]
[EventRounds "11"]
[EventCountry "CAN"]

1. e4 e5 2. Nf3 Nc6 3. Nc3 Nf6 4. Bb5 Bc5 5. Nxe5 Nxe5 6. d4 Bd6 7. dxe5 Bxe5
8. O-O O-O 9. Bd3 Re8 10. Bg5 h6 11. Bh4 Qe7 12. Nd5 Qd6 13. Bxf6 Bxf6 14. f4
Bxb2 15. Rb1 Bd4+ 16. Kh1 c6 17. Nb4 a5 18. e5 Qc5 19. c3 Bxc3 20. Nc2 d6 21.
exd6 b5 22. f5 Bd7 23. Qf3 b4 24. Rbd1 Rac8 25. Qg4 Rcd8 26. Bc4 a4 27. Bxf7+
Kxf7 28. Qg6+ Kg8 29. f6 Bxf6 30. Rxf6 Rf8 31. Rxf8+ Rxf8 32. Nd4 Qxd4 0-1

[Event "Toronto Closed"]
[Site "Toronto CAN"]
[Date "2003.02.25"]
[Round "3"]
[White "Haziprodromu, Sam"]
[Black "Noritsyn, Nikolay"]
[Result "0-1"]
[WhiteElo "1959"]
[BlackElo "2146"]
[PlyCount "70"]
[EventDate "2003.02.18"]
[EventType "tourn"]
[EventRounds "11"]
[EventCountry "CAN"]

1. e4 c5 2. d4 cxd4 3. c3 Nf6 4. e5 Nd5 5. Nf3 Nc6 6. Bc4 Nb6 7. Bb3 e6 8. cxd4
d6 9. exd6 Bxd6 10. O-O O-O 11. Nc3 Be7 12. a3 Bf6 13. Be3 Nd5 14. Ne4 Be7 15.
Qd3 b6 16. Bc2 g6 17. Bh6 Re8 18. Rad1 Bb7 19. Rfe1 Rc8 20. Bb1 Nf6 21. Ng3 Qd5
22. h3 a6 23. Ne2 Na5 24. Nf4 Qc4 25. Qe3 Nd5 26. Qe5 Bf6 27. Qe2 Nxf4 28. Bxf4
Qxe2 29. Rxe2 Bxf3 30. gxf3 Red8 31. Re4 Nc6 32. Be3 Bxd4 33. Kg2 Bxe3 34.
Rxd8+ Rxd8 35. fxe3 Rd2+ 0-1

[Event "Toronto Closed"]
[Site "Toronto CAN"]
[Date "2003.02.28"]
[Round "4"]
[White "Thavandiran, Shiyam"]
[Black "Noritsyn, Nikolay"]
[Result "1-0"]
[WhiteElo "2001"]
[BlackElo "2146"]
[PlyCount "85"]
[EventDate "2003.02.18"]
[EventType "tourn"]
[EventRounds "11"]
[EventCountry "CAN"]

1. e4 e5 2. Nf3 Nc6 3. Bb5 a6 4. Ba4 Nf6 5. Qe2 d6 6. c3 Be7 7. O-O O-O 8. Rd1
Re8 9. d3 b5 10. Bc2 d5 11. Nbd2 Bc5 12. h3 Be6 13. Nf1 h6 14. Ng3 d4 15. a3 a5
16. Nh4 Bf8 17. Qf3 g6 18. Ne2 Nh5 19. Nf5 Kh7 20. Nfg3 Nxg3 21. Qxg3 Bg7 22.
f4 exf4 23. Bxf4 Rc8 24. Rab1 Qe7 25. cxd4 Nxd4 26. Nxd4 Bxd4+ 27. Kh1 Ba2 28.
Ra1 Qe6 29. Bc1 b4 30. axb4 axb4 31. Rf1 b3 32. Bd1 h5 33. Qf4 Rf8 34. g4 Rce8
35. Kg2 hxg4 36. hxg4 Kg8 37. Rh1 f5 38. gxf5 gxf5 39. Rh6 Rf6 40. Qg3+ Kf8 41.
Rh8+ Ke7 42. Qxc7+ Qd7 43. Rh7+ 1-0

[Event "Toronto Closed"]
[Site "Toronto CAN"]
[Date "2003.03.04"]
[Round "5"]
[White "Noritsyn, Nikolay"]
[Black "Tang, Charlie"]
[Result "0-1"]
[WhiteElo "2146"]
[BlackElo "2240"]
[PlyCount "68"]
[EventDate "2003.02.18"]
[EventType "tourn"]
[EventRounds "11"]
[EventCountry "CAN"]

1. e4 c5 2. Nf3 Nc6 3. d4 cxd4 4. Nxd4 Nf6 5. Nc3 e6 6. Ndb5 Bb4 7. a3 Bxc3+ 8.
Nxc3 d5 9. exd5 exd5 10. Bd3 h6 11. O-O O-O 12. Bf4 d4 13. Ne2 Nd5 14. Bg3 Qf6
15. Qd2 Rd8 16. Nf4 Nde7 17. Rfe1 Bf5 18. Bc4 Rac8 19. Bb3 d3 20. Nxd3 Nd4 21.
Ba4 Ng6 22. Qb4 b5 23. Bb3 a5 24. Qxa5 Bxd3 25. h3 Bxc2 26. Ba2 Bb3 27. Bb1 Bc4
28. Bxg6 Nb3 29. Qa7 Nxa1 30. Bb1 Qxb2 31. Qe3 Nc2 32. Bxc2 Qxc2 33. Be5 Rd1
34. Rxd1 Qxd1+ 0-1

[Event "Toronto Closed"]
[Site "Toronto CAN"]
[Date "2003.03.11"]
[Round "6"]
[White "Southam, David"]
[Black "Noritsyn, Nikolay"]
[Result "0-1"]
[WhiteElo "2202"]
[BlackElo "2146"]
[PlyCount "94"]
[EventDate "2003.02.18"]
[EventType "tourn"]
[EventRounds "11"]
[EventCountry "CAN"]

1. d4 d5 2. c4 e6 3. Nc3 c5 4. cxd5 exd5 5. Nf3 Nc6 6. g3 Nf6 7. Bg2 Be7 8. O-O
O-O 9. b3 Ne4 10. Bb2 Be6 11. Rc1 b6 12. e3 Rc8 13. dxc5 bxc5 14. Na4 Qa5 15.
Ne5 Nxe5 16. Bxe5 Rfd8 17. Qe2 f5 18. Rfd1 c4 19. Qb2 Bf8 20. Bd4 Bd7 21. f3
Ng5 22. Bc3 Qa6 23. h4 Ne6 24. Rxd5 Bxa4 25. Rxd8 Rxd8 26. bxa4 Bc5 27. Re1 f4
28. Qb5 Qxb5 29. axb5 Bxe3+ 30. Kh1 Rd3 31. Bh3 Nc5 32. Bb4 c3 33. Bxc5 Bxc5
34. Be6+ Kf8 35. Rc1 fxg3 36. Kg2 Be3 37. Bf5 Bxc1 38. Bxd3 Bf4 39. a4 Ke7 40.
a5 Kd6 41. h5 h6 42. a6 Kc5 43. Kh3 Bc7 44. Kg2 Kd4 45. Be4 Ke3 46. b6 Bxb6 47.
Kxg3 Bd4 0-1

[Event "Toronto Closed"]
[Site "Toronto CAN"]
[Date "2003.03.14"]
[Round "7"]
[White "Noritsyn, Nikolay"]
[Black "Lavin, David"]
[Result "1-0"]
[WhiteElo "2146"]
[BlackElo "2155"]
[PlyCount "79"]
[EventDate "2003.02.18"]
[EventType "tourn"]
[EventRounds "11"]
[EventCountry "CAN"]

1. e4 c5 2. Nf3 d6 3. d4 cxd4 4. Nxd4 Nf6 5. Nc3 Nc6 6. Bg5 e6 7. Qd2 Be7 8.
O-O-O O-O 9. f4 Nxd4 10. Qxd4 Qa5 11. Bc4 Rd8 12. Bb3 Bd7 13. Rhe1 Bc6 14. Kb1
h6 15. Bh4 b5 16. a3 Rab8 17. Na2 Qc7 18. Nb4 Rb6 19. f5 e5 20. Qd3 a5 21. Nxc6
Qxc6 22. Bf2 Rbb8 23. Bd5 Qd7 24. Qb3 Rf8 25. h3 Bd8 26. g4 Bb6 27. Bh4 Bd8 28.
Bg3 Qa7 29. Qf3 b4 30. a4 Nxd5 31. Rxd5 b3 32. cxb3 Rb4 33. Rxd6 Bc7 34. Rd3
Rfb8 35. f6 gxf6 36. Qxf6 Rxb3 37. Rxb3 Rxb3 38. Rf1 Bb8 39. Qd8+ Kh7 40. Qd5
1-0

[Event "Toronto Closed"]
[Site "Toronto CAN"]
[Date "2003.03.18"]
[Round "8"]
[White "Shah, Omar"]
[Black "Noritsyn, Nikolay"]
[Result "0-1"]
[WhiteElo "1996"]
[BlackElo "2146"]
[PlyCount "98"]
[EventDate "2003.02.18"]
[EventType "tourn"]
[EventRounds "11"]
[EventCountry "CAN"]

1. e4 c5 2. Nf3 Nc6 3. d4 cxd4 4. Nxd4 g6 5. Nc3 Bg7 6. Be3 Nf6 7. f3 O-O 8.
Qd2 d5 9. Nxc6 bxc6 10. O-O-O Qa5 11. exd5 cxd5 12. Bd4 Bb7 13. g4 Rfd8 14. Qe3
Re8 15. Bb5 e5 16. Bxe8 exd4 17. Bxf7+ Kxf7 18. Rxd4 Re8 19. Qf4 Kg8 20. Rhd1
Nd7 21. Rb4 Nb6 22. Rb5 Qa6 23. Qb4 Bc6 24. Ra5 Qb7 25. Nb5 Bxb5 26. Qxb5 Rf8
27. Qb3 Qf7 28. Rd3 Qf4+ 29. Kb1 Qxh2 30. a4 Qc7 31. Rb5 Kh8 32. a5 Nc4 33.
Rbxd5 Nxb2 34. Rd7 Qxa5 35. R3d5 Qe1+ 36. Ka2 Bc3 37. Rc7 Nd3 38. Qxc3+ Qxc3
39. Rxc3 Nb4+ 40. Kb3 Nxd5 41. Rd3 Nb6 42. Kb4 Re8 43. Rd2 Kg7 44. Kb5 Kf6 45.
Rh2 Re7 46. Ka6 Kg5 47. c4 Nxc4 48. Rc2 Re6+ 49. Kb5 Na3+ 0-1

[Event "Toronto Closed"]
[Site "Toronto CAN"]
[Date "2003.03.21"]
[Round "9"]
[White "Noritsyn, Nikolay"]
[Black "Lawless, David"]
[Result "1-0"]
[WhiteElo "2146"]
[BlackElo "2084"]
[PlyCount "79"]
[EventDate "2003.02.18"]
[EventType "tourn"]
[EventRounds "11"]
[EventCountry "CAN"]

1. e4 e5 2. Nf3 Nc6 3. Nc3 Nf6 4. Bb5 Bb4 5. O-O O-O 6. d3 d6 7. Bg5 Bxc3 8.
bxc3 Qe7 9. Re1 h6 10. Bh4 Bg4 11. h3 Bh5 12. g4 Bg6 13. Nd2 Bh7 14. Qf3 g5 15.
Bg3 Nd8 16. d4 a6 17. Bd3 c5 18. dxe5 dxe5 19. Nc4 Nd7 20. Ne3 b5 21. Nd5 Qd6
22. Rad1 f6 23. Bf1 Kg7 24. Nxf6 Qxf6 25. Rxd7+ Nf7 26. Qe3 c4 27. Red1 Rfd8
28. a4 Rxd7 29. Rxd7 Re8 30. axb5 axb5 31. Bg2 Bg6 32. Qc5 Kg8 33. Qxb5 Qe6 34.
Rd5 Nd6 35. Qb4 Nxe4 36. Rxe5 Qc6 37. Rxe8+ Bxe8 38. Qe7 Bg6 39. Be5 Bf7 40.
Bd4 1-0

[Event "Toronto Closed"]
[Site "Toronto CAN"]
[Date "2003.03.25"]
[Round "10"]
[White "Henderson, Fred"]
[Black "Noritsyn, Nikolay"]
[Result "0-1"]
[WhiteElo "1950"]
[BlackElo "2146"]
[PlyCount "52"]
[EventDate "2003.02.18"]
[EventType "tourn"]
[EventRounds "11"]
[EventCountry "CAN"]

1. d4 d5 2. Nf3 e6 3. c4 c5 4. cxd5 exd5 5. g3 Nc6 6. Bg2 Nf6 7. O-O Be7 8. Nc3
O-O 9. Bg5 cxd4 10. Nxd4 Nxd4 11. Qxd4 Be6 12. Rfd1 Qa5 13. Qa4 Qb6 14. Bxf6
Bxf6 15. Nxd5 Bxd5 16. Bxd5 Qxb2 17. Rab1 Qxe2 18. Rxb7 Rad8 19. Qb3 Kh8 20.
Rxa7 Bc3 21. Kg2 Rb8 22. Rxf7 h6 23. Bf3 Qe5 24. Qd5 Qe8 25. Bh5 Qa4 26. Bg6
Bf6 0-1

[Event "Toronto Closed"]
[Site "Toronto CAN"]
[Date "2003.03.28"]
[Round "11"]
[White "Noritsyn, Nikolay"]
[Black "Barron, Michael"]
[Result "0-1"]
[WhiteElo "2146"]
[BlackElo "2370"]
[PlyCount "80"]
[EventDate "2003.02.18"]
[EventType "tourn"]
[EventRounds "11"]
[EventCountry "CAN"]

1. e4 e5 2. Nf3 Nc6 3. Bb5 a6 4. Ba4 Nf6 5. O-O b5 6. Bb3 Be7 7. Re1 O-O 8. c3
d6 9. h3 Na5 10. Bc2 c5 11. d4 Qc7 12. Nbd2 g6 13. Nf1 Nh5 14. Bh6 Re8 15. Ne3
Be6 16. d5 Bd7 17. Ng5 Bf8 18. Bxf8 Rxf8 19. Nf5 Nf4 20. g3 Nxh3+ 21. Nxh3 gxf5
22. Qh5 f6 23. exf5 Rf7 24. f4 Rg7 25. Kh2 Kh8 26. Qh4 Rf8 27. Rad1 c4 28. fxe5
dxe5 29. Nf2 Nb7 30. Ng4 Qd6 31. b3 Be8 32. bxc4 Rg5 33. Nf2 Rh5 34. Ne4 Rxh4+
35. gxh4 Qa3 36. d6 Bd7 37. Rf1 Qxa2 38. Rd2 Qxc4 39. Bd3 Qc8 40. Rff2 Nc5 0-1

[Event "Ontario op"]
[Site "Toronto CAN"]
[Date "2024.05.18"]
[Round "1.1"]
[White "Barron, Michael"]
[Black "Noritsyn, Nikolay"]
[Result "0-1"]
[WhiteElo "2079"]
[BlackElo "2450"]
[PlyCount "54"]
[EventDate "2024.05.18"]
[EventType "swiss"]
[EventRounds "6"]
[EventCountry "CAN"]
[Source "ChessMix"]
[SourceDate "2024.06.01"]

1. e4 c5 2. Nf3 Nc6 3. d4 cxd4 4. Nxd4 Nf6 5. Nc3 d6 6. Be2 e5 7. Nb3 Be7 8.
O-O O-O 9. Kh1 h6 10. f4 a6 11. a4 Bd7 12. f5 Nb4 13. Bf3 d5 14. g4 d4 15. Ne2
Bc6 16. c3 dxc3 17. Nxc3 Qxd1 18. Rxd1 Nc2 19. Rb1 Rfd8 20. Rxd8+ Rxd8 21. g5
hxg5 22. Bxg5 Rd3 23. Kg2 Bb4 24. Rc1 Bxc3 25. Rxc2 Rxf3 26. Rxc3 Rxc3 27. bxc3
Nxe4 0-1

[Event "Ontario op"]
[Site "Toronto CAN"]
[Date "2024.05.19"]
[Round "3.1"]
[White "Razin, Vadim"]
[Black "Noritsyn, Nikolay"]
[Result "1-0"]
[WhiteElo "2361"]
[BlackElo "2450"]
[PlyCount "67"]
[EventDate "2024.05.18"]
[EventType "swiss"]
[EventRounds "6"]
[EventCountry "CAN"]
[Source "ChessMix"]
[SourceDate "2024.06.01"]

1. d4 e6 2. Nf3 Nf6 3. c4 d5 4. Nc3 h6 5. Bf4 Bd6 6. Bxd6 Qxd6 7. e3 O-O 8. Rc1
a6 9. Qc2 Nbd7 10. cxd5 exd5 11. Bd3 c5 12. dxc5 Nxc5 13. O-O Bd7 14. Rfd1 Rac8
15. Bf5 Be6 16. h3 b5 17. Bxe6 fxe6 18. Qg6 Qe7 19. Ne2 Nfe4 20. Nf4 Rce8 21.
Rc2 Rf6 22. Qg4 g5 23. Rdc1 Rf7 24. Ng6 Qa7 25. Nge5 Rg7 26. Qh5 Rf8 27. Ng4
Rh7 28. Nfe5 b4 29. f3 Ng3 30. Qg6+ Rg7 31. Qxh6 Nf5 32. Nf6+ Rxf6 33. Qxf6 Nd7
34. Qxe6+ 1-0

[Event "Ontario op"]
[Site "Toronto CAN"]
[Date "2024.05.19"]
[Round "4.3"]
[White "Noritsyn, Nikolay"]
[Black "Stevens, Christian"]
[Result "1-0"]
[WhiteElo "2450"]
[BlackElo "2252"]
[PlyCount "227"]
[EventDate "2024.05.18"]
[EventType "swiss"]
[EventRounds "6"]
[EventCountry "CAN"]
[Source "ChessMix"]
[SourceDate "2024.06.01"]

1. e4 c5 2. Nf3 e6 3. c3 Nf6 4. Bd3 Nc6 5. Bc2 e5 6. O-O d5 7. d4 cxd4 8. exd5
Qxd5 9. Bb3 Qd6 10. Na3 Be7 11. Nc4 Qc7 12. Nfxe5 dxc3 13. Bf4 cxb2 14. Rb1 Qd8
15. Nxc6 Qxd1 16. Rfxd1 bxc6 17. Nd6+ Bxd6 18. Bxd6 Be6 19. Ba4 Rc8 20. Rxb2
Ne4 21. Bb4 a5 22. Bxa5 O-O 23. Bc2 Nf6 24. a4 c5 25. Be1 c4 26. a5 c3 27. Rb5
Bc4 28. Re5 Nd5 29. Rexd5 Bxd5 30. Rxd5 Rfd8 31. Re5 Re8 32. Re3 Rxe3 33. fxe3
Ra8 34. Be4 Rxa5 35. Bxc3 Ra2 36. h4 Re2 37. Bd4 Rd2 38. Kh2 Ra2 39. Kg3 Rd2
40. Bd5 Rd1 41. Bf3 Rd2 42. Kf4 Ra2 43. Ke5 Rf2 44. Kd6 Rc2 45. Be4 Rc1 46. Bd5
Kf8 47. Bc5 Ke8 48. Be4 Kf8 49. h5 Kg8 50. Bd4 Rh1 51. Bf3 h6 52. Ke7 f6 53. g4
Rf1 54. Bd5+ Kh8 55. Kf7 Rg1 56. Be6 Rc1 57. Bd5 Rg1 58. Be6 Rc1 59. Ke7 Rc7+
60. Bd7 Rb7 61. Kd6 Rb1 62. Bf5 Rb7 63. Be4 Rb4 64. Bd5 Rb1 65. Ke7 Rg1 66. Be6
Rb1 67. Bc8 Rc1 68. Bf5 Rc7+ 69. Kd6 Rb7 70. Be4 Rb4 71. Ke6 Rc4 72. Bf5 Rb4
73. Bc5 Rb5 74. Be7 Kg8 75. Bd6 Rb6 76. Be4 Rb3 77. Bc5 Rc3 78. Bd4 Rc1 79. Ke7
Rc7+ 80. Ke8 Rc8+ 81. Kd7 Rc1 82. Bf5 Kh8 83. Ke8 Rc7 84. Kf8 Rb7 85. Be4 Rc7
86. Bb6 Rd7 87. Bf5 Rb7 88. Bc5 Rc7 89. Be7 Rb7 90. e4 Rb8+ 91. Kf7 Rb7 92. Be6
Ra7 93. Bd5 Rc7 94. Ke6 Rc1 95. Kd7 Rg1 96. Be6 Re1 97. Bf5 Ra1 98. Bc5 Rc1 99.
Kd6 Rd1+ 100. Ke6 Rc1 101. Bf8 Kg8 102. Bd6 Rc6 103. Ke7 Rb6 104. Be6+ Kh8 105.
Bd5 Ra6 106. Bb8 Ra1 107. Kf7 Rg1 108. Bd6 Ra1 109. Kg6 Ra7 110. Bf8 f5 111.
exf5 Ra6+ 112. Be6 Ra7 113. f6 gxf6 114. Bf7 1-0

[Event "Ontario op"]
[Site "Toronto CAN"]
[Date "2024.05.20"]
[Round "5.3"]
[White "Sambuev, Bator"]
[Black "Noritsyn, Nikolay"]
[Result "1/2-1/2"]
[WhiteElo "2455"]
[BlackElo "2450"]
[PlyCount "201"]
[EventDate "2024.05.18"]
[EventType "swiss"]
[EventRounds "6"]
[EventCountry "CAN"]
[Source "ChessMix"]
[SourceDate "2024.06.01"]

1. d4 e6 2. Nf3 f5 3. Bf4 Nf6 4. e3 g6 5. h3 d6 6. Nc3 Bg7 7. Bd3 Nc6 8. Bg5 h6
9. Bxf6 Qxf6 10. g4 Nb4 11. gxf5 exf5 12. h4 Be6 13. Rg1 O-O-O 14. Ne2 Rhg8 15.
Nf4 Bf7 16. Be2 Bh8 17. Qd2 c5 18. Nh3 Qe7 19. c3 Nd5 20. Qc2 cxd4 21. exd4 Kb8
22. Qd2 Rde8 23. Kf1 Qd7 24. Re1 f4 25. Nxf4 Rgf8 26. Rg3 Nxf4 27. Qxf4 g5 28.
hxg5 Bd5 29. Qd2 hxg5 30. Ng1 Rf4 31. Bd3 Ref8 32. Re2 g4 33. Ke1 Bg7 34. Qe3
Bh6 35. c4 Bg8 36. Rg2 Bg7 37. d5 Bd4 38. Qe7 Qxe7 39. Rxe7 Rxf2 40. Rxg4 Bc5
41. Ne2 b5 42. a3 R2f3 43. Kd2 Bf7 44. Rf4 Bh5 45. Rxf8+ Rxf8 46. cxb5 Bf3 47.
Nc3 Bd4 48. Be4 Bg4 49. Kd3 Be5 50. a4 Rf2 51. Re8+ Kc7 52. Rg8 Bh3 53. Rg1
Rxb2 54. Rh1 Rb3 55. Rc1 Kb6 56. Kc4 Ra3 57. Kb4 Rxc3 58. a5+ Kc7 59. Rxc3+
Bxc3+ 60. Kxc3 Bf1 61. Bd3 Bg2 62. Kd4 Bf3 63. Bc4 Bg2 64. Be2 Bh3 65. Ke3 Bg2
66. Bc4 Bh3 67. Kf3 Bd7 68. Bf1 Be8 69. Kf4 Bf7 70. Bc4 Bh5 71. Kf5 Bf3 72. Ke6
Bg4+ 73. Kf6 Bf3 74. Kf5 Bh5 75. Kf4 Bd1 76. Bd3 Bh5 77. Ke3 Bg4 78. Be2 Bh3
79. Kf3 Bd7 80. Bd3 Be8 81. Kg4 Bf7 82. Bc4 Bg6 83. Kf4 Bh5 84. Kg3 Bd1 85. Kf4
Bh5 86. Kf5 Bf3 87. Ke6 Bg4+ 88. Ke7 Bf3 89. a6 Bg2 90. Ke6 Bh3+ 91. Ke7 Bg2
92. Bb3 Bf3 93. Bc4 Bg2 94. b6+ axb6 95. a7 Kb7 96. Kxd6 Kxa7 97. Kc7 Bxd5 98.
Bxd5 b5 99. Kc6 b4 100. Kc5 b3 101. Bxb3 1/2-1/2

[Event "Ontario op"]
[Site "Toronto CAN"]
[Date "2024.05.20"]
[Round "6.3"]
[White "Noritsyn, Nikolay"]
[Black "Joseph Benher, Savio"]
[Result "1-0"]
[WhiteElo "2450"]
[BlackElo "2044"]
[PlyCount "99"]
[EventDate "2024.05.18"]
[EventType "swiss"]
[EventRounds "6"]
[EventCountry "CAN"]
[Source "ChessMix"]
[SourceDate "2024.06.01"]

1. e4 e6 2. d4 d5 3. e5 c5 4. c3 Nc6 5. Nf3 Qb6 6. a3 c4 7. Nbd2 Na5 8. h4 Bd7
9. Rh3 O-O-O 10. Rb1 Qc7 11. b3 cxb3 12. Nxb3 Ba4 13. Nfd2 Ne7 14. h5 Nec6 15.
Qg4 Kb8 16. Be2 Nxb3 17. Nxb3 Na5 18. Nxa5 Qxa5 19. h6 g6 20. Qf4 Qc7 21. c4
dxc4 22. Rc3 Qd7 23. Rxc4 Bc6 24. Rxc6 Qxc6 25. Bf3 Qc3+ 26. Bd2 Qxd4 27. Rxb7+
Kc8 28. Qxd4 Rxd4 29. Rxa7 Rxd2 30. Kxd2 Bxh6+ 31. Kc3 Bg7 32. Rxf7 Bxe5+ 33.
Kc4 Rd8 34. Rxh7 Rd2 35. a4 Rxf2 36. a5 Ra2 37. a6 Bc7 38. Bb7+ Kb8 39. Rg7
Rc2+ 40. Kd3 Rc3+ 41. Kd4 Rg3 42. Bf3 Bb6+ 43. Kc4 Bg1 44. Rb7+ Kc8 45. a7 Rg4+
46. Kb3 Bxa7 47. Rxa7 Rd4 48. Kc3 Rf4 49. Rg7 e5 50. Kd3 1-0

[Event "Maplewood Pro Cup"]
[Site "Montreal CAN"]
[Date "2024.05.31"]
[Round "1.2"]
[White "Lu, Tony"]
[Black "Noritsyn, Nikolay"]
[Result "0-1"]
[WhiteElo "1968"]
[BlackElo "2450"]
[PlyCount "48"]
[EventDate "2024.05.31"]
[EventType "swiss"]
[EventRounds "6"]
[EventCountry "CAN"]

1. e4 e6 2. Nf3 d5 3. Nc3 Nf6 4. e5 Nfd7 5. d4 c5 6. Bg5 Qb6 7. dxc5 Bxc5 8.
Qd2 Nc6 9. O-O-O h6 10. Na4 Qc7 11. Bf4 Bb4 12. Qe3 Qa5 13. Nc3 Nc5 14. Nb5
Qxa2 15. c3 Na4 16. Qd2 Qa1+ 17. Kc2 Qxb2+ 18. Kd3 Ba5 19. Nd6+ Ke7 20. Rc1 g5
21. Bxg5+ hxg5 22. Qxg5+ Kd7 23. Rc2 Nc5+ 24. Kd2 Bxc3+ 0-1

[Event "Maplewood Pro Cup"]
[Site "Montreal CAN"]
[Date "2024.06.01"]
[Round "3.2"]
[White "Chiku-Ratte, Olivier-Kenta"]
[Black "Noritsyn, Nikolay"]
[Result "0-1"]
[WhiteElo "2297"]
[BlackElo "2450"]
[PlyCount "86"]
[EventDate "2024.05.31"]
[EventType "swiss"]
[EventRounds "6"]
[EventCountry "CAN"]

1. d4 e6 2. Nf3 c5 3. g3 b6 4. d5 exd5 5. Qxd5 Nc6 6. Ne5 Qf6 7. Nxc6 dxc6 8.
Qe4+ Ne7 9. Bg2 g6 10. Qa4 Bg7 11. O-O O-O 12. c4 Be6 13. Nd2 h6 14. Qc2 Rad8
15. a4 Bg4 16. Re1 Qe6 17. a5 Nf5 18. Nb3 Rfe8 19. axb6 axb6 20. Bf4 Nd4 21.
Nxd4 cxd4 22. Kf1 c5 23. Rad1 g5 24. Bc1 b5 25. b3 b4 26. Qa2 Rd6 27. Bd5 Rxd5
28. cxd5 Qxd5 29. f3 Ra8 30. Qxa8+ Qxa8 31. fxg4 Qd5 32. Rd3 Qh1+ 33. Kf2 Qxh2+
34. Kf3 Be5 35. Rf1 Qxg3+ 36. Ke4 Qxg4+ 37. Kd5 Qxe2 38. Rdf3 f6 39. R3f2 Qb5
40. Ke6 Kg7 41. Kf5 Kf7 42. Kg4 Kg6 43. Bd2 Qd3 0-1